Tous les cantons du Pas de Calais sur une carte - Statistiques

Statistiques générales
  • Ce quiz a été pris 172 fois
  • Le résultat moyen est 22 sur 39
Réponses sur la Carte
Les réponses sont colorées sur une échelle allant du rouge au vert en fonction du pourcentage des utilisateurs qui les ont devinées à leur premier essai. Vous pouvez retrouver ces pourcentages ci-dessous.
 
Statistiques - réponses
Canton % Correct
Calais-1
100%
Calais-2
100%
Calais-3
100%
Arras-1
96%
Arras-2
96%
Arras-3
96%
Boulogne-sur-Mer-1
96%
Boulogne-sur-Mer-2
96%
Lens
96%
Saint-Omer
96%
Béthune
88%
Hénin-Beaumont-1
75%
Hénin-Beaumont-2
75%
Berck
72%
Liévin
68%
Étaples
60%
Carvin
55%
Bruay-la-Bruissière
51%
Avion
49%
Outreau
47%
Saint-Pol-sur-Ternoise
47%
Avesnes-le-Comte
41%
Bapaume
41%
Marck
39%
Noeux-les-Mines
39%
Desvres
37%
Auxi-le-Château
36%
Bully-les-Mines
33%
Lillers
33%
Aire-sur-la-Lys
32%
Longuenesse
31%
Lumbres
28%
Auchel
25%
Harnes
25%
Fruges
24%
Beuvry
23%
Wingles
19%
Brebières
13%
Douvrin
13%
Aucun quiz correspondant
Distribution des résultats
% des personnes avec chaque résultat
Percentile par nombre de réponses
Votre historique - résultats
Vous n’avez pas pris ce quiz